MARC

LEADER 00000nam0a2200000 4500
001 360917
005 20231102011333.0
035 |a (RuTPU)RU\TPU\retro\18243 
090 |a 360917 
100 |a 20210519d1980 km y0rusy50 ca 
101 0 |a rus 
102 |a RU 
105 |a a z 001zy 
200 1 |a Методы организации адаптивного планирования и управления в экономико-производственных системах  |f Академия наук Украинской ССР, Институт кибернетики ; под ред. И. Н. Скурихина 
210 |a Киев  |c Наукова думка  |d 1980 
215 |a 272 с.  |c ил. 
320 |a Библиогр.: с. 258-262 
606 1 |a Промышленность  |x Экономика  |x Управление  |2 stltpush  |3 (RuTPU)RU\TPU\subj\36783  |9 58038 
606 1 |a Промышленность  |x Планирование  |2 stltpush  |3 (RuTPU)RU\TPU\subj\52327  |9 70813 
610 1 |a экономико-экологические системы 
610 1 |a адаптация 
610 1 |a проектирование 
610 1 |a системы управления 
610 1 |a алгоритмы 
610 1 |a адаптивные методы 
610 1 |a ресурсы 
610 1 |a производственно-хозяйственная деятельность 
675 |a 658.012.4  |v 4 
675 |a 658.012.2  |v 4 
702 1 |a Скурихин  |b И. Н.  |4 340 
712 0 2 |a Академия наук Украинской ССР  |b Институт кибернетики  |c (Киев)  |c (1962-1991)  |2 stltpush  |3 (RuTPU)RU\TPU\col\11437  |9 25095 
801 1 |a RU  |b 63413507  |c 20210519 
942 |c BK